Statistics for Las Vegas McCarran Airport (LAS) Destinations

Click here to take the quiz!

General Stats

  • This quiz has been taken 606 times
    (529 since last reset)
  • The average score is 81 of 147

Answer Stats

HintAnswer% Correct
Alaska Air, Frontier, Southwest, United, United ExpressSan Francisco
91%
British Airways, Norwegian Air Shuttle, Virgin AtlanticLondon-Gatwick
90%
British AirwaysLondon-Heathrow
90%
Thomas Cook AirlinesLondon-Stansted
90%
American, Delta, Delta Connection, Southwest, Spirit Airlines, United, United Express, Virgin AmericaLos Angeles
90%
American, Spirit AirlinesDallas/Fort Worth
89%
SouthwestDallas-Love
89%
Delta Connection, Southwest, Spirit AirlinesSan Diego
89%
SouthwestHouston-Hobby
88%
Frontier, Spirit Airlines, UnitedHouston-Intercontinental
88%
American, FrontierMiami
88%
Alaska Air, American, Delta, JetBlueNew York-JFK
88%
SouthwestChicago-Midway
87%
American, Frontier, Spirit Airlines, UnitedChicago-O'hare
87%
Alaska Air, Delta, Delta Connection, Southwest, Spirit AirlinesSeattle/Tacoma
87%
AllegiantChicago/Rockford
86%
Alaska Air, Southwest, Spirit AirlinesPortland (OR)
86%
Air Canada Rouge, WestJetVancouver
86%
Delta, Frontier, Southwest, Spirit AirlinesAtlanta
85%
Frontier, Southwest, Spirit Airlines, United, United ExpressDenver
85%
Frontier, Southwest, Spirit AirlinesOrlando
85%
Air Canada Rouge, Sunwing Airlines, WestJetToronto-Pearson
85%
JetBlue, Spirit Airlines, Virgin AmericaBoston
84%
AllegiantPhoenix/Mesa
84%
Aeromexico, Interjet, VolarisMexico City
83%
American, SouthwestPhoenix-Sky Harbor
83%
Allegiant, Frontier, SouthwestAustin
82%
Delta, Southwest, Spirit AirlinesDetroit
81%
Delta, Hawaiian AirlinesHonolulu
81%
Delta, Southwest, Spirit Airlines, Sun CountryMinneapolis
81%
Frontier, Southwest, UnitedWashington-Dulles
80%
AmericanWashington-National
80%
Air Canada Rouge, WestJetCalgary
79%
American, Southwest, SpiritPhiladelphia
79%
Delta Connection, Frontier, SouthwestSan Jose (CA)
79%
Allegiant, Southwest, Spirit AirlinesKansas City
78%
Southwest, Spirit AirlinesNew Orleans
78%
Frontier, Southwest, Spirit AirlinesTampa
78%
Allegiant, Frontier, SouthwestSan Antonio
77%
AmericanCharlotte
76%
Delta, Delta Connection, Frontier, SouthwestSalt Lake City
76%
Alaska AirAnchorage
75%
Frontier, SouthwestNashville
75%
Allegiant, SouthwestOklahoma City
75%
Air Canada Rouge, WestJetMontreal-Trudeau
74%
SouthwestSacramento
74%
Frontier, Southwest, Spirit AirlinesCleveland
73%
Allegiant, SouthwestEl Paso
73%
Southwest, Spirit Airlines, UnitedNewark
73%
Southwest, Spirit AirlinesBaltimore
72%
AllegiantBelleville/St. Louis
72%
Frontier, SouthwestSt. Louis
72%
SouthwestJacksonville
71%
Allegiant, FrontierMemphis
71%
Allegiant, Southwest, Spirit AirlinesOakland
70%
Frontier, Southwest, Spirit AirlinesColumbus (OH)
69%
WestJetEdmonton
69%
Southwest, Spirit AirlinesPittsburgh
69%
Allegiant, SouthwestReno/Tahoe
69%
Allegiant, SouthwestBoise
68%
Frontier, SouthwestMilwaukee
68%
Allegiant, SouthwestAlbuquerque
67%
Allegiant, Frontier, SouthwestIndianapolis
67%
Hainan AirlinesBeijing
64%
Allegiant, Delta, FrontierCincinnati
64%
Allegiant, SouthwestOmaha
63%
Frontier, SouthwestRaleigh/Durham
63%
Korean AirSeoul-Incheon
63%
Allegiant, SouthwestTulsa
63%
CondorFrankfurt
62%
SouthwestTucson
62%
Allegiant, FrontierColorado Springs
60%
Allegiant, SouthwestLouisville
60%
SouthwestBirmingham (AL)
59%
AllegiantFresno
59%
SouthwestBuffalo
58%
WestJetWinnipeg
56%
Norwegian Air ShuttleOslo
55%
SouthwestSpokane
55%
Allegiant, Frontier, SouthwestDes Moines
54%
SouthwestLittle Rock
54%
JetBlue, Southwest, Spirit AirlinesFort Lauderdale
53%
Interjet, VolarisGuadalajara
52%
SouthwestManchester (NH)
52%
Thomas Cook Airlines, Virgin AtlanticManchester (UK)
52%
WestJetOttawa
52%
AllegiantBillings
51%
Condor, EurowingsMunich
51%
Delta Connection, SouthwestOrange County
51%
FrontierMadison
48%
JetBlueLong Beach
47%
Allegiant, SouthwestWichita
47%
Copa AirlinesPanama City
46%
Norwegian Air ShuttleStockholm
45%
AllegiantGrand Rapids
44%
AllegiantSpringfield/Branson
44%
AllegiantFargo
43%
Aeromexico, InterjetMonterrey
43%
SouthwestNorfolk/Virginia Beach
42%
SouthwestOntario
42%
Allegiant, FrontierSioux Falls
42%
Edelweiss AirZurich
42%
SouthwestHartford
41%
SouthwestBurbank
40%
AllegiantEugene
40%
AllegiantKnoxville
40%
SouthwestAmarillo
39%
Norwegian Air ShuttleCopenhagen
39%
SouthwestLubbock
35%
AllegiantBozeman
34%
AllegiantMissoula
34%
WestJetRegina
33%
WestJetVictoria
33%
WestJetSaskatoon
30%
Allegiant, FrontierBismarck
29%
Allegiant, FrontierCedar Rapids/Iowa City
28%
AllegiantRapid City
28%
AllegiantMcAllen
24%
AllegiantFayetteville/Bentonville
23%
Thomas Cook AirlinesGlasgow
23%
AllegiantLaredo
23%
AllegiantMonterey
23%
AllegiantIdaho Falls
22%
SouthwestMidland/Odessa
22%
AllegiantShreveport
22%
AllegiantPeoria
20%
AllegiantSanta Rosa
20%
AllegiantStockton
20%
AllegiantGrand Junction
19%
AllegiantGreat Falls
19%
AllegiantKalispell
18%
AllegiantMedford
18%
EurowingsCologne/Bonn
17%
WestJetKelowna
17%
WestJetAbbotsford
16%
Alaska Air, AllegiantBellingham
16%
AllegiantTri-Cities (WA)
16%
AllegiantGrand Forks
14%
WestJetHamilton (ON)
13%
AllegiantMoline/Quad Cities
12%
AllegiantSouth Bend
12%
AllegiantAppleton
10%
AllegiantMinot
10%
AllegiantSanta Maria
9%
AllegiantGrand Island
8%
AllegiantMontrose
8%
Cal JetCarlsbad (CA)
7%

Score Distribution

Percentile by Number Answered

Percent of People with Each Score

Your Score History

You have not taken this quiz since the last reset